000 00285nam a2200109Ia 4500
008 200302s9999 xx 000 0 und d
100 _aFrances Anderton
245 _aPop Architecture Kanner Architects
260 _bImages Publishing Group Pyt. Ltd.
260 _c1998
300 _a160 P.,
999 _c1165
_d1165